Laser induced damage in optical materials, 1986 : proceedings of a symposium /
Saved in:
| Corporate Authors: | , |
|---|---|
| Other Authors: | |
| Format: | Conference Proceeding Book |
| Language: | English |
| Published: |
Gaithersburg, MD : Washington, DC :
U.S. Dept. of Commerce, National Institute of Standards and Technology ; For sale by the Supt. of Docs., U.S. G.P.O.,
1988.
|
| Series: | NIST special publication ;
752 ASTM special technical publication ; 1028. |
| Subjects: |
| LEADER | 02044nam a2200373 a 4500 | ||
|---|---|---|---|
| 001 | c000014414 | ||
| 003 | CARM | ||
| 005 | 00000000000000.0 | ||
| 008 | 890601s1988 mdua b 10000 eng | ||
| 019 | 1 | |a 6411930 |5 LACONCORD2021 | |
| 035 | |a (OCoLC)18851678 |5 LACONCORD2021 | ||
| 050 | 0 | 0 | |a QC374 |b .L37 1988 |
| 082 | 0 | 0 | |a 620.1/12 |2 20 |
| 245 | 0 | 0 | |a Laser induced damage in optical materials, 1986 : |b proceedings of a symposium / |c sponsored by National Institute of Standards and Technology (formerly National Bureau of Standards) ... [et al.] ; November 3-5, 1986, NIST (formerly NBS), Boulder, Colorado 80303 ; edited by Harold E. Bennett ... [et al.]. |
| 260 | |a Gaithersburg, MD : |b U.S. Dept. of Commerce, National Institute of Standards and Technology ; |a Washington, DC : |b For sale by the Supt. of Docs., U.S. G.P.O., |c 1988. | ||
| 300 | |a xvi, 707 p. : |b ill. ; |c 28 cm. | ||
| 440 | 0 | |a NIST special publication ; |v 752 | |
| 490 | 1 | |a ASTM STP ; |v 1028 | |
| 500 | |a "The proceedings contain the papers presented at the Eighteenth Symposium on Optical Materials for High Power Lasers"--P. iii. | ||
| 500 | |a "September 1988." | ||
| 500 | |a "CODEN: XNBSAV"--T.p. verso. | ||
| 504 | |a Includes bibliographies. | ||
| 650 | 0 | |a Optical materials |x Effect of radiation on |x Congresses. | |
| 650 | 0 | |a Laser beams |x Congresses. | |
| 650 | 0 | |a Thin films |x Effect of radiation on |x Congresses. | |
| 650 | 0 | |a Surfaces (Physics) |x Effect of radiation on |x Congresses. | |
| 650 | 0 | |a Mirrors |x Effect of radiation on |x Congresses. | |
| 700 | 1 | |a Bennett, Harold E. |q (Harold Earl), |d 1929- | |
| 710 | 2 | |a National Institute of Standards and Technology (U.S.) | |
| 711 | 2 | 0 | |a Symposium on Optical Materials for High Power Lasers |n (18th : |d 1986 : |c Boulder, Colo.) |
| 830 | 0 | |a ASTM special technical publication ; |v 1028. | |
| 852 | 8 | |b CARM |h A2:AN17D3 |i D04982 |p 0198502 |f BK | |
| 999 | f | f | |i 89501035-2f59-55ee-bf5f-a14775b09831 |s 383a774f-ac9a-5310-8638-1763edc4dfc7 |
| 952 | f | f | |p Can circulate |a CAVAL |b CAVAL |c CAVAL |d CARM 1 Store |e D04982 |f A2:AN17D3 |h Other scheme |i book |m 0198502 |